000 00949nam a22002417a 4500
005 20150407154333.0
010 _aENG-112527
020 _a9789383649228
_c980.00
035 _aEN-96059
037 _bDBAD/PUB
082 _a355.02170954
245 0 0 _aIndia's sentinel :
_cedited by Manpreet Sethi [and] Shalini Chawla
_b select writings of Air Commodore Jasjit Singh AVSM, VrC, VM (retd) /
260 _aNew Delhi
_bKW Publishers in association with Centre for Air Power Studies
_c2014
270 _a4676/21, First Floor, Ansari Road, Daryaganj,
_bNew Delhi
_e110002
300 _axii,346p. :
_c24cm(Hb)
_bmap
505 _aOn the nuclear issue -- On Pakistan.
650 _aNuclear weapons
_xGovernment policy
_zIndia.
650 _aNuclear weapons
_xGovernment policy
_zPakistan.
650 _a Deterrence (Strategy)
700 _aSethi, Manpreet
700 _aChawla, Shalini
942 _2ddc
_cEN
_mIND
_h355.02170954
999 _c92562
_d92562